| 000 | 02106cam a22004334i 4500 | ||
|---|---|---|---|
| 003 | PE-LiUPU | ||
| 005 | 20250731173005.0 | ||
| 008 | 150616s1980 cau r 000 0 spa d | ||
| 020 | _a0816399778 | ||
| 035 | _a(Sirsi) i9780816399772 | ||
| 040 |
_aPE-LiUPU _bspa _cPE-LiUPU _erda |
||
| 049 | _aPRUA | ||
| 082 | 0 | 4 |
_a263.3 _bH536d _221 |
| 100 | 1 |
_aHerbert, Dwight P, _eautor. |
|
| 245 | 1 | 3 |
_aEl día del Señor : _b¿Sábado o domingo? / _cDwight P. Herbert. |
| 264 | 1 |
_aMountain View, California : _bPublicaciones Interamericanas, _c1980. |
|
| 300 |
_a62 páginas ; _c19 centímetros |
||
| 336 |
_atext _2rdacontent |
||
| 337 |
_aunmediated _2rdamedia |
||
| 338 |
_avolume _2rdacarrier |
||
| 505 | 0 | _a¿Importa el día que se observe? -- El cambio del calendario -- Un recordativo de la resurrección de Cristo -- ¿Tiene la iglesia autoridad para cambiar la ley de Dios? -- ¿Observó el domingo la iglesia apostólica? -- ¿Está abolido el Antiguo Testamento? -- ¿Es el sábado un día ceremonial? -- ¿Es siempre seguro seguir las multitudes? -- ¿Pertenecen al texto de la Biblia las notas marginales y las referencias? -- ¿Es necesario trabajar en sábado para poder ganarse la vida? -- Los días de la creación -- Guiados por el Espíritu -- No nos juzguemos los unos a los otros -- Un nuevo mandamiento -- ¿Fue Cristo el fin de la ley? -- ¿Qué es el legalismo? -- Leyes de la Biblia dadas por Dios -- ¿Nada más que un día judío? -- El sábado en el Nuevo Testamento -- "Tontos" por causa de Cristo. | |
| 526 | _aSEG42 | ||
| 526 | _aSEG41 | ||
| 526 | _aSEG40 | ||
| 526 | _aSEG39 | ||
| 526 | _aP94 | ||
| 526 | _aP87 | ||
| 526 | _aP86 | ||
| 526 | _aP85 | ||
| 526 | _aP77 | ||
| 526 | _aP76 | ||
| 526 | _aP35 | ||
| 650 | 0 | 4 |
_aSábado _xObservancia. |
| 910 | _ajck | ||
| 942 |
_2ddc _cBOOK |
||
| 949 |
_a263.24 H41 _wDEWEY _c1 _i34051 _d2016-10-26 _e2016-10-24 _lCCODEBUL1 _mBUL _n9 _r0 _sY _tBOOK _u2015-6-16 _xTEOLOGIA _zUNKNOWN _0COMPRA _o.STAFF. Colección General |
||
| 980 |
_81 _gALBERTO SANCHEZ Responsable de Automatización |
||
| 999 |
_c22537 _d22537 |
||